Normal view
MARC view
- تاليف: خليفة، محروس محمود /م.مشارك: ابراهيم بيومي مرعي
Entry Personal Name
001 - CONTROL NUMBER
- control field: 16872
003 - CONTROL NUMBER IDENTIFIER
- control field: JO-AjAnu
005 - DATE AND TIME OF LATEST TRANSACTION
- control field: 20230606073006.0
008 - FIXED-LENGTH DATA ELEMENTS
- fixed length control field: 230606|| aca||aabn | a|a d
040 ## - CATALOGING SOURCE
- Original cataloging agency: JO-AjAnu
- Transcribing agency: JO-AjAnu
100 ## - HEADING--PERSONAL NAME
- Personal name: تاليف: خليفة، محروس محمود /م.مشارك: ابراهيم بيومي مرعي
670 ## - SOURCE DATA FOUND
- Source citation: Work cat.: (JO-AjAnu)8664: تاليف: خليفة، محروس محمود /م.مشارك: ابراهيم بيومي مرعي, author, اتجاهات الرعاية الاجتماعية ومداخلها المهنية